[Event "FRA-ch Blitz Online Qual"]
[Site "Europe Echecs INT"]
[Date "2020.05.16"]
[Round "6"]
[White "Menoux, Abel"]
[Black "Mokrani, Romuhald"]
[Result "1-0"]
[WhiteElo "1141"]
[BlackElo "1358"]
[PlyCount "79"]
[EventDate "2020.05.16"]
[EventType "swiss (blitz)"]
[EventRounds "15"]
[EventCountry "FRA"]
[SourceTitle "CBM 196 Extra"]
[Source "ChessBase"]
[SourceDate "2020.07.31"]
[SourceVersion "1"]
[SourceVersionDate "2020.07.31"]
[SourceQuality "1"]

1. d4 d5 2. Nf3 Nf6 3. Bf4 e6 4. e3 Be7 5. c4 c6 6. c5 Nbd7 7. Bd3 0-0 8. 0-0 b6 9. b4 Ne4 10. Nbd2 Nc3 11. Qc2 Nb5 12. Bxh7+ Kh8 13. Bd3 Nf6 14. Be5 Bb7 15. Bxb5 cxb5 16. c6 Rc8 17. c7 Qd7 18. Ng5 g6 19. Bxf6+ Bxf6 20. Ndf3 Rxc7 21. Qe2 Rfc8 22. h4 Kg7 23. Ne5 Qd8 24. Ngxf7 Rxf7 25. Nxf7 Kxf7 26. h5 Qg8 27. Qf3 Ke7 28. Rac1 g5 29. Rxc8 Bxc8 30. Rc1 Bd7 31. Rc7 Qd8 32. Rxa7 Qb8 33. Ra3 Qd6 34. h6 Kf7 35. h7 Ke7 36. Qxf6+ Kxf6 37. h8Q+ Kf5 38. Qh7+ Kg4 39. f3+ Kg3 40. Qh3# 1-0

[Event "FRA-ch Blitz Online Qual"]
[Site "Europe Echecs INT"]
[Date "2020.05.16"]
[Round "1"]
[White "Rahnama, Matin"]
[Black "Menoux, Abel"]
[Result "1-0"]
[WhiteElo "1754"]
[BlackElo "1141"]
[PlyCount "65"]
[EventDate "2020.05.16"]
[EventType "swiss (blitz)"]
[EventRounds "15"]
[EventCountry "FRA"]
[SourceTitle "CBM 196 Extra"]
[Source "ChessBase"]
[SourceDate "2020.07.31"]
[SourceVersion "1"]
[SourceVersionDate "2020.07.31"]
[SourceQuality "1"]

1. e4 c6 2. c4 d5 3. cxd5 cxd5 4. exd5 Nf6 5. Bb5+ Bd7 6. Bc4 Bg4 7. Qa4+ Bd7 8. Qb3 a6 9. Qxb7 Bc8 10. Qxa8 Qc7 11. d3 Bb7 12. Qa7 Nxd5 13. Ne2 Nb6 14. Bf4 Qc6 15. Qxb8+ Nc8 16. Nbc3 e6 17. Qc7 Qxg2 18. Rg1 Qc6 19. Qxc6+ Bxc6 20. 0-0-0 Bc5 21. Rxg7 Bxf2 22. Rf1 Bd4 23. Nxd4 Bb7 24. Be5 Rf8 25. Rxh7 Bg2 26. Rf2 Bh1 27. Bxa6 Ne7 28. Bb5+ Kd8 29. Rhxf7 Ng8 30. Rxf8+ Ke7 31. Rxg8 Be4 32. Rg7+ Kd8 33. Rf8# 1-0